| 000 | 00833nam a2200193Ia 4500 | ||
|---|---|---|---|
| 001 | 20966 | ||
| 003 | GE_BSU | ||
| 008 | 181216s||||||||xx |||||||||||||| ||und|| | ||
| 040 | _cGE_BSU | ||
| 245 | _aხელისუფლება და საზოგადოება.#1(37)2016. | ||
| 245 | _bსამეცნიერო ჟურნალი.ისტორია,თეორია,პრაქტიკა. | ||
| 245 | _cმთ.რედ:შოთა დოღონაძე. | ||
| 260 | _aთბილისი | ||
| 260 | _c2016 | ||
| 300 | _a173გვ. 20სმ. | ||
| 653 | _aსამეცნიერო ჟურნალი.ისტორია,თეორია,პრაქტიკა. | ||
| 653 | _aხელისუფლება და საზოგადოება.#1(37)2016. | ||
| 942 | _cCR | ||
| 999 |
_c53915 _d53915 |
||